10 najlepszych francuskich klubów w tabeli wszechczasów - Statystyki

Ogólne statystyki
  • Ten quiz został rozwiązany 28 razy
  • Średni wynik to 5 z 10
Statystyki odpowiedzi
L.P Klub Punkty % Poprawnych
5. Olympique Lyon 3763
93%
7. Paris Saint-Germain 3358
89%
1. Olympique Marsylia 4297
86%
2. AS Monaco 3956
71%
3. Girondins Bordeaux 3918
46%
4. AS Saint-Étienne 3882
36%
10. FC Nantes 3214
36%
8. OGC Nice 3327
25%
6. LOSC Lille 3449
14%
9. Stade Rennais FC 3215
4%
Nie znaleziono quizów pasujących do podanych kryteriów
Rozkład punktacji
Procent ludzi z każdym wynikiem
Percentyl według liczby udzielonych odpowiedzi
Twoja historia wyników
Nie rozwiązałeś tego quizu